A Philosophical Examination of Social Justice and Child Poverty.

This book is open access under a CCBY license. This book investigates child poverty from a philosophical perspective. It identifies the injustices of child poverty, relates them to the well-being of children, and discusses who has a moral responsibility to secure social justice for children.

Bibliographic Details
Main Author: Schweiger, G.
Other Authors: Graf, G.
Format: eBook
Language:English
Published: London : Palgrave Macmillan UK, 2015.
Edition:1st ed.
Subjects:
Online Access:Click to View
LEADER 02132nam a22003973i 4500
001 EBC6360853
003 MiAaPQ
005 20231204023215.0
006 m o d |
007 cr cnu||||||||
008 231204s2015 xx o ||||0 eng d
020 |a 9781137426024  |q (electronic bk.) 
020 |z 9781137426017 
035 |a (MiAaPQ)EBC6360853 
035 |a (Au-PeEL)EBL6360853 
035 |a (OCoLC)909379625 
040 |a MiAaPQ  |b eng  |e rda  |e pn  |c MiAaPQ  |d MiAaPQ 
050 4 |a B65 
100 1 |a Schweiger, G. 
245 1 2 |a A Philosophical Examination of Social Justice and Child Poverty. 
250 |a 1st ed. 
264 1 |a London :  |b Palgrave Macmillan UK,  |c 2015. 
264 4 |c Ã2015. 
300 |a 1 online resource (201 pages) 
336 |a text  |b txt  |2 rdacontent 
337 |a computer  |b c  |2 rdamedia 
338 |a online resource  |b cr  |2 rdacarrier 
505 0 |a Cover -- Contents -- List of Tables -- Acknowledgments -- Introduction: Philosophy and ChildPoverty -- 1 Social Justice for Children - ACapability Approach -- 2 The Injustice of Child Poverty -- 3 Responsibilities for Children inPoverty -- 4 Advancing Our Approach toGlobal Justice for Children -- References -- Index. 
520 |a This book is open access under a CCBY license. This book investigates child poverty from a philosophical perspective. It identifies the injustices of child poverty, relates them to the well-being of children, and discusses who has a moral responsibility to secure social justice for children. 
588 |a Description based on publisher supplied metadata and other sources. 
590 |a Electronic reproduction. Ann Arbor, Michigan : ProQuest Ebook Central, 2023. Available via World Wide Web. Access may be limited to ProQuest Ebook Central affiliated libraries.  
655 4 |a Electronic books. 
700 1 |a Graf, G. 
776 0 8 |i Print version:  |a Schweiger, G.  |t A Philosophical Examination of Social Justice and Child Poverty  |d London : Palgrave Macmillan UK,c2015  |z 9781137426017 
797 2 |a ProQuest (Firm) 
856 4 0 |u https://ebookcentral.proquest.com/lib/matrademy/detail.action?docID=6360853  |z Click to View